Les départements qui ont le plus grand nombre de cambriolages - Statistiques

Statistiques générales
  • Ce quiz a été pris 118 fois
  • Le résultat moyen est 13 sur 25
Statistiques - réponses
. Département % Correct
# Paris
95%
# Bouches-du-Rhône
82%
# Rhône
77%
# Seine-saint-Denis
75%
# Var
69%
# Nord
68%
# Val-d'Oise
68%
# Val-de-Marne
67%
# Gironde
64%
# Hauts-de-Seine
61%
# Essonne
60%
# Yvelines
58%
# Seine-et-Marne
56%
# Hérault
52%
# Vaucluse
51%
# Gard
44%
# Haute-Garonne
43%
# Loire-Atlantique
43%
# Isère
39%
# Ain
23%
# Drôme
22%
# Aisne
20%
# Marne
17%
# Aube
16%
# Tarn
10%
Aucun quiz correspondant
Distribution des résultats
% des personnes avec chaque résultat
Percentile par nombre de réponses
Votre historique - résultats
Vous n’avez pas pris ce quiz